Vytvorenie tímu vo vrcholovom manažmente

Hrozba pre obchodné spoločnosti - nedostatok komunikácie v rámci topmanažmentu. Potreba efektívnej spolupráce topmanažérov. Význam tímovej spolupráce. Tvar topmanažérskeho tímu. Postupy ako z riadiacich pracovníkov vytvoriť tím. Podmienky a realizácia transformácie spoločnosti. Situácia, keď nefungu...

ver descrição completa

Na minha lista:
Detalhes bibliográficos
Autor principal: Hambrick, Donald C.
Formato: Capítulo de Livro
Idioma:eslovaco
Assuntos:
Tags: Adicionar Tag
Sem tags, seja o primeiro a adicionar uma tag!

MARC

LEADER 00000naa a2200000 4500
001 r042273
005 20230921111548.5
041 0 |a slo 
044 |a SK 
245 1 0 |a Vytvorenie tímu vo vrcholovom manažmente  |c Donald C. Hambrick 
520 |a Hrozba pre obchodné spoločnosti - nedostatok komunikácie v rámci topmanažmentu. Potreba efektívnej spolupráce topmanažérov. Význam tímovej spolupráce. Tvar topmanažérskeho tímu. Postupy ako z riadiacich pracovníkov vytvoriť tím. Podmienky a realizácia transformácie spoločnosti. Situácia, keď nefunguje manažérska súdržnosť. 
610 2 0 |a manažment 
610 2 0 |a riadenie vrcholové 
610 2 0 |a manažéri 
610 2 0 |a práca tímová 
610 2 0 |a spoločnosti obchodné 
610 2 0 |a transformácia 
100 1 |a Hambrick, Donald C.